| 000 | 00629nam a2200217Ia 4500 | ||
|---|---|---|---|
| 001 | 1746 | ||
| 003 | GE_BSU | ||
| 008 | 181216s||||||||xx |||||||||||||| ||und|| | ||
| 040 | _cGE_BSU | ||
| 080 | _a821.111 | ||
| 100 | _aДьяконова,Н.Я. | ||
| 245 | _aАналитическое чтение(Английская поэзия XVII-XXвеков) | ||
| 245 | _bПособие для студентов | ||
| 260 | _aЛенинград | ||
| 260 | _b,,Просвещение | ||
| 260 | _c1967 | ||
| 300 | _a267стр. 21см. | ||
| 541 | _h10л. | ||
| 653 | _aАналитическое чтение | ||
| 942 | _cBK | ||
| 999 |
_c35855 _d35855 |
||